00598nam a2200193Ia 4500008004100000020002100041041000800062082001300070100002100083245001600104260003100120300000900151500002300160650001500183700002100198906000800219999001700227952016000244230125s9999 xx 000 0 und d a978-1847-94106-0 aeng a658bCHA aCharan R9109848 aGlobal Tilt c2013bRandom houseaLondon a322p aGeneral Management aManagement aCharan R9109848 b140 c86523d86523 00104070aHIMRbHIMRd2013-07-05ePritam Book Centreg699.00i8526l0o658 CHA B12043pHIMR-BK-12043r2023-01-25 00:00:00v559.00w2013-07-04yBKzB12043